000 00735nam a2200169 a 4500
008 210331s2021 ||||||||||||||||| || u
020 _a9781638211860
050 _aZAM KG 59 Kam
100 _aKamanga, Patricia
245 1 0 _aInternational commercial arbitration: the supportive and supervisory role of national courts in the arbitration process
_cBy Dr. Patricia Nchimunya Shansonga Kamanga
260 _aJohannesburg
_bFYI Africa Publishing
_c2021
300 _aii, 142 pages
500 _aIncludes References
650 _aARBITRATION AGREEMENTS, COMMERCIAL
650 _aARBITRATION AND AWARD
995 _FCBU-MAIN LIBRARY (Kitwe)
_M1
_UAVAILABLE
_WMar 31, 2021
_ZZambiana Collection
999 _c47315
_d47315